Trophée Kopa 2025 - Statistiques

Statistiques générales
  • Ce quiz a été pris 36 fois
  • Le résultat moyen est 6 sur 10
Statistiques - réponses
Année Vainqueurs Club Points % Correct
2 Désiré Doué Paris Saint-Germain 72
100%
1 Lamine Yamal FC Barcelone 124
100%
3 João Neves Paris Saint-Germain 23
82%
4 Estêvão Palmeiras 23
65%
5 Kenan Yıldız Juventus FC 6
65%
7 Pau Cubarsí FC Barcelone 3
59%
8 Rodrigo Mora FC Porto 1
50%
6 Dean Huijsen Bornemouth 5
44%
10 Ayyoub Bouaddi Lille 0
41%
9 Myles Lewis-Skelly Arsenal FC 0
41%
Aucun quiz correspondant
Distribution des résultats
% des personnes avec chaque résultat
Percentile par nombre de réponses
Votre historique - résultats
Vous n’avez pas pris ce quiz